Discurso histórico (Registro nro. 536)

Detalles MARC
000 -CABECERA
Longitud fija campo de control 00871cam a22002414a 4500
001 - NÚMERO DE CONTROL
Número de control 13362871
003 - IDENTIFICADOR DELl NÚMERO DE CONTROL
Identificador del número de control OSt
005 - FECHA Y HORA DE LA ÚLTIMA TRANSACCIÓN
Fecha y hora de la última transacción 20130622104618.0
008 - CÓDIGOS DE INFORMACIÓN DE LONGITUD FIJA
Códigos de información de longitud fija 031001s2003 ag b 000 0 spa
010 ## - NÚMERO DE CONTROL DE LA BIBLIOTECA DEL CONGRESO
Número de control de LC 2003507613
040 ## - FUENTE DE LA CATALOGACIÓN
Centro catalogador de origen DLC
Centro transcriptor BMC
082 00 - NÚMERO DE LA CLASIFICACIÓN DECIMAL DEWEY
Númeroo de clasificación 918
082 00 - NÚMERO DE LA CLASIFICACIÓN DECIMAL DEWEY
Númeroo de clasificación 982.024
100 ## - PUNTO DE ACCESO PRINCIPAL-NOMBRE DE PERSONA
9 (RLIN) 617
Nombre de persona Aguirre, Juan Francisco
Fechas asociadas al nombre 1758-1811
245 10 - MENCIÓN DE TÍTULO
Título Discurso histórico
Resto del título : que comprende el descubrimiento, conquista y establecimiento de los españoles en las provincias de la Nueva Vizcaya, generalmente conocidas por el nombre de Rio de la Plata
Mención de responsabilidad, etc. Juan Francisco Aguirre
250 ## - MENCIÓN DE EDICIÓN
Mención de edición 1ª ed
260 ## - PUBLICACIÓN, DISTRIBUCIÓN, ETC. (PIE DE IMPRENTA)
Lugar de publicación, distribución, etc. Buenos Aires
Nombre del editor, distribuidor, etc. Espasa-Calpe, Argentina
Fecha de publicación, distribución, etc. 1947
300 ## - DESCRIPCIÓN FÍSICA
Extensión 213 p.
Dimensiones 18 cm
490 1# - MENCIÓN DE SERIE
Mención de serie Austral
Designación de volumen o secuencia 709
651 ## - PUNTO DE ACCESO ADICIONAL DE MATERIA - NOMBRE GEOGRÁFICO
9 (RLIN) 1554
Nombre geográfico Río de la Plata (Región)
Subdivisión de materia general Descurimientos y exploraciones
651 ## - PUNTO DE ACCESO ADICIONAL DE MATERIA - NOMBRE GEOGRÁFICO
9 (RLIN) 1555
Nombre geográfico Río de la Plata (Región)
Subdivisión de materia general Historia
942 ## - ENTRADA DE ELEMENTOS AGREGADOS (KOHA)
Fuente de clasificaión o esquema Dewey Decimal Classification
Koha [por defecto] tipo de item 1- Monografias
Existencias
Suprimido Perdido Fuente de clasificación o esquema Estropeado Restricciones de uso No para préstamo Código de colección Localización permanente Localización actual Localización en estanter&íacute;as Fecha adquisición Fuente de adquisición Número de inventario Préstamos totales Signatura completa Código de barras Fecha última consulta Fecha último préstamo Coste, precio reemplazado Fecha del precio de reemplazo Tipo de item de Koha
NULL NULL Dewey Decimal Classification NULL Prestable NULL NULL Biblioteca Miguel de Cervantes - UNICAES Biblioteca Miguel de Cervantes - UNICAES Sala Principal 22/07/1998 Donación - Marco René Revelo 000538 1 918 AGU dis 1000538 10/09/2013 07/09/2013 5.99 25/05/2013 1- Monografias